000
00312cam a22001217a 4500
008
180718b1970 xxu||||| |||| 00| 0 eng d
082
_a
T1 Se55
245
_a
Growth economics
_c
edited by Amartya Sen
260
_a
Middlesex
_b
PenguinBooks
_c
1970
300
_a
549p.
650
_a
Economics
700
_a
Sen, Amartya
999
_c
340070
_d
340070